000 00885nam a22002417a 4500
001 8160
003 FISKH
005 20250829110611.0
008 250829b cb ||||| |||| 00| 0 eng d
020 _a9780545403917
040 _aFISKH
_beng
_cFISKH
_dFISKH
050 _aPE1112 .F6127
082 _a428.2
100 _aFogarty, Mignon
245 _aThe ultimate writing guide for students :
_bGrammar girl present /
_cMignon Fogarty with illustrations by Erwin Haya
260 _aNew York :
_bScholastic,
_c2011.
300 _a293 pages :
_c23 cm
520 _aFor beginners to advanced students, this warm and witty guide to writing includes a writing style chapter and a guide to writing everything from school papers to letters to e-mails.
650 _aGrammar
_vWriting Manual
_xReports
700 _aHaya, Erwin
_eillustrator
942 _2ddc
_cBK
_n0
999 _c8160
_d8160